[Event "IND-ch U19"]
[Site "Ahmedabad"]
[Date "2023.09.20"]
[Round "1"]
[White "Divyanshu, Kumar Singh"]
[Black "Md, Imran"]
[Result "0-1"]
[WhiteElo "1488"]
[BlackElo "2197"]
[PlyCount "82"]
[EventDate "2023.09.20"]
[EventType "swiss"]
[EventRounds "11"]
[EventCountry "IND"]
[SourceTitle "EXT 2024"]
[Source "ChessBase"]
[SourceDate "2023.10.10"]
[SourceVersion "1"]
[SourceVersionDate "2023.10.10"]
[SourceQuality "1"]

1. d4 Nf6 2. c4 e6 3. Nc3 Bb4 4. f3 c5 5. d5 b5 6. e4 bxc4 7. Bxc4 exd5 8. exd5 0-0 9. Nge2 d6 10. 0-0 Nbd7 11. b3 Ne5 12. Bb2 Rb8 13. Ng3 Re8 14. Qc2 g6 15. h3 h5 16. f4 Nxc4 17. bxc4 Re3 18. Nce2 h4 19. f5 g5 20. Qc1 Qe8 21. Rf3 Bd2 22. Qxd2 Rxb2 23. Qxe3 Qxe3+ 24. Rxe3 hxg3 25. Nxg3 Rc2 26. Rb1 Kg7 27. Rb8 Ba6 28. Re7 Bxc4 29. Rxa7 Bxd5 30. Kf1 Rxg2 31. Ne2 Rh2 32. Nc3 Bc4+ 33. Ke1 Rxh3 34. Nb5 Ne4 35. Kd1 Bxb5 36. Kc2 Bc4 37. a4 Rh2+ 38. Kc1 Bd3 39. Rd8 Rc2+ 40. Kd1 Nc3+ 41. Ke1 Re2+ 0-1